000 00499nam a22001337a 4500
008 140113b xxu||||| |||| 00| 0 eng d
050 _aGN495.6.M732 2013
100 _aMomanyi, Oscar
_96582
245 _aExploring ethnic diversity in Africa
_ba philosophical perspective - an African mosiac
_cOscar Momanyi
260 _aSaarbrucken
_bLAP Lambert Academic Publishing
_c2013
300 _aix, 302p.;
_c23cm.
650 _aEthnicity
_xPolitical Anthropology
_zAfrica
_96583
942 _2lcc
_cMONOGRAPH
_04
999 _c119543
_d119543